00000000nam 2200000za 4500
0019.846833
003CaOODSP
00520221107153311
007cr |||||||||||
008171108s1940    oncd    os   f000 0 eng d
040 |aCaOODSP|beng
041 |aeng|afre
043 |an-cn---
0861 |aCS81-D/85-1940-PDF
24500|aUniversity and college revenues, 1921-1939 |h[electronic resource] / |cDominion Bureau of Statistics, Education Statistics Branch.
260 |aOttawa : |bDominion Bureau of Statistics, |c1940.
300 |a13 p. : |bcharts
4901 |aEducation bulletin ; |vno. 1, 1940
500 |aCover title.
500 |aDigitized edition from print [produced by Statistics Canada].
520 |a“This bulletin provides a record of the annual income since 1921 of the larger universities and many of the 'colleges in Canada. The institutions omitted are mainly those conducted by religious orders, where teachers receive little or no salary, and the financial returns consequently do not present a comparable record. Those included have enrolled approximately 80 p.c. of the full-time students of university grade throughout the period”--p. [1].
530 |aIssued also in print format.
546 |aText in English and French.
69207|2gccst|aUniversities
69207|2gccst|aColleges
69207|2gccst|aIncome
69207|2gccst|aStatistics
7101 |aCanada.|bDominion Bureau of Statistics.|bEducation Branch.
792 |tUniversity and college revenues, 1921-1939 |efre|w(CaOODSP)9.846837
830#0|aEducation bulletin (Ottawa, Ont.)|vno. 1, 1940|w(CaOODSP)9.841635
85640|qPDF|s313 KB|uhttps://publications.gc.ca/collections/collection_2017/statcan/CS81-D-85-1940.pdf
986 |a81-D-85